ARRUPE JESUIT UNIVERSITY

CORONAVIRUS -STOP THE SPREAD - CLEAN,DISINFECT,COVER

The genome (Record no. 7641)

MARC details
000 -LEADER
fixed length control field 00564nam a2200217Ia 4500
003 - CONTROL NUMBER IDENTIFIER
control field 0100
008 - FIXED-LENGTH DATA ELEMENTS--GENERAL INFORMATION
fixed length control field 130303s9999 xx 000 0 und d
020 ## - INTERNATIONAL STANDARD BOOK NUMBER
International Standard Book Number 1885583087
040 ## - CATALOGING SOURCE
Transcribing agency ARRUPELIB
050 ## - LIBRARY OF CONGRESS CALL NUMBER
Classification number QH438.7.B56 2000
300 ## - PHYSICAL DESCRIPTION
Other physical details 23cm.
245 #4 - TITLE STATEMENT
Title The genome
245 ## - TITLE STATEMENT
Remainder of title plant, animal, human
260 ## - PUBLICATION, DISTRIBUTION, ETC. (IMPRINT)
Place of publication, distribution, etc St. Louis
260 ## - PUBLICATION, DISTRIBUTION, ETC. (IMPRINT)
Name of publisher, distributor, etc ITEST Faith/Science Press
260 ## - PUBLICATION, DISTRIBUTION, ETC. (IMPRINT)
-- 2000
300 ## - PHYSICAL DESCRIPTION
Extent 232p.
650 ## - SUBJECT ADDED ENTRY--TOPICAL TERM
Topical term following geographic name as entry element Kant, Immanuel
700 ## - ADDED ENTRY--PERSONAL NAME
Personal name edited by Robert Brungs and Marianne Postiglione , Brungs, Robert A.Postglione, Marianne
942 00 - ADDED ENTRY ELEMENTS (KOHA)
Koha issues (borrowed), all copies 1
Holdings
Withdrawn status Lost status Source of classification or shelving scheme Damaged status Not for loan Collection code Home library Current library Shelving location Date acquired Total Checkouts Full call number Barcode Date last seen Date checked out Copy number Price effective from Koha item type
    Library of Congress Classification     Main Collection ARRUPE LIBRARY ARRUPE LIBRARY   04/03/2013 1 QH438.7.B56 2000 46003071049 02/07/2019 19/08/2014 1 04/03/2013 Monograph ( Printed materials)

 

Arrupe Library. PO Box MP320 Mt Pleasant, Harare, Zimbabwe
263 242 745411|librarian@aju.ac.zw